000 00770nam a2200265 i 4500
001 C2-0003808
003 PPAK
005 20190630221811.0
008 970123s1989 my |||| ||||| | may d
020 _a9836208836
040 _aPPAK
_beng
_cPPAK
_erda
082 0 4 _a306.81
_223
090 0 0 _a306.81
_bAMR
_dG
090 0 0 _a306.81
_bAMR
_dKIH
090 0 0 _a306.81
_bAMR
_dKMI
100 0 _aAmran Kasimin,
_eauthor
245 1 0 _aIstiadat perkahwinan Melayu
_bsatu kajian perbandingan
264 1 _aKuala Lumpur :
_bDewan Bahasa dan Pustaka ,
_c1989
300 _a130 pages ;
_c21 cm
336 _2rdacontent
_atext
337 _2rdamedia
_aunmediated
338 _2rdacarrier
_avolume
650 1 0 _aMalays (Asian People) - Marriage Customs And Rites.
942 _ddc
_cB
999 _c741
_d741